Modelovanie náplňovej absorpčnej kolóny na odstraňovanie kyslých zložiek zo zemného plynu

Saved in:
Bibliographic Details
Main Author: Tóth, Tamás (Author)
Other Authors: Labovská, Zuzana (Thesis advisor)
Format: Manuscript Book
Language:Slovak
Published: 2019
Subjects:
Online Access:http://is.stuba.sk/zp/portal_zp.pl?podrobnosti=143209
Tags: Add Tag
No Tags, Be the first to tag this record!

MARC

LEADER 00000ntm a22000003a 4500
001 stuzp75055
003 SK-STU
005 20190601211823.5
007 ta
008 150427s2015----xo-----f-mn---000-0-slo-d
040 |a STU  |b slo 
041 0 |a slo 
100 1 |a Tóth, Tamás  |u 046230  |k Z4  |4 aut  |U FCHPT Ústav chemického a environmentálneho inžinierstva  |T FCHPT Oddelenie chemického a biochemického inžinierstva  |X 64053  |U C6230  |Y 119  |7 64053 
242 0 1 |a Modeling of the Absorption Column for Acid Gases Removal from Natural Gas  |y eng 
245 1 0 |a Modelovanie náplňovej absorpčnej kolóny na odstraňovanie kyslých zložiek zo zemného plynu 
260 |c 2019 
650 4 |a Absorpcia kyslých zložiek  |2 slo 
650 4 |a Nerovnovážny model  |2 slo 
650 4 |a Rovnovážny model  |2 slo 
650 4 |a Prestup látky  |2 slo 
650 4 |a CO2  |2 slo 
650 4 |a H2S  |2 slo 
650 4 |a Amine sweetening  |2 eng 
650 4 |a Non-equilibrium stage model  |2 eng 
650 4 |a Equilibrium stage model  |2 eng 
650 4 |a Mass-transfer  |2 eng 
650 4 |a CO2  |2 eng 
650 4 |a H2S  |2 eng 
700 1 |a Labovská, Zuzana  |u 046230  |k Z1  |4 ths  |U FCHPT Ústav chemického a environmentálneho inžinierstva  |T FCHPT Oddelenie chemického a biochemického inžinierstva  |X 10276  |U C6230  |Y 119  |7 A000010276 
856 4 |u http://is.stuba.sk/zp/portal_zp.pl?podrobnosti=143209